000 01044nam a2200313 4500
001 0000020833
003 CO-CtgCURN
005 20250331184415.0
007 ta
008 160627s2003 000 0 eng d
020 _a958350047X
040 _aCO-CtgCURN
_bspa
_ccoctgcurn
082 0 _a340.1
_bM15f
100 1 _aMantilla Pineda, Benigno.
245 1 0 _aFilosofia del derecho /
_cBenigno Mantilla Pineda.
260 _aBogotá :
_bTemis,
_c2003.
300 _axxvii, 357 p.
336 _2rdacontent
337 _2rdamedia
_asin mediacion
_bn
338 _2rdacarrier
_avolumen
_bnc
500 _aIncluye indices.
504 _aNotas bibliograficas al pie de pagina.
505 8 _aIntroducción a la filosofia del derecho -- Ontología juridica -- Logica juridica -- Estimativa juridica
650 1 4 _aFilosofia del derecho.
908 _a160627
942 _cBK
_h340.1
_iM15f
_2ddc
999 _c18723
_d18723